Analýza činnosti v práci ředitele(ky) školy v současné transformaci české vzdělávací soustavy

Popis a vyhodnotenie základných aktivít riaditeľov školy. Využitie skúseností z riadenia rôznych typov školských zariadení. Transformačný proces školských právnických subjektov. Fyzická prítomnosť na pracovisku. Aktívne vyťaženie v pracovnej dobe, potrebná flexibilnosť. Plánovaná a operatívna aktivi...

Description complète

Enregistré dans:
Détails bibliographiques
Auteur principal: Janda, Miroslav
Autres auteurs: Šťáva, Jan
Format: Chapitre de livre
Langue:tchèque
Sujets:
Tags: Ajouter un tag
Pas de tags, Soyez le premier à ajouter un tag!

MARC

LEADER 00000naa$a2200000$$$4500
001 0075713
005 20231010124829.7
041 0 |a cze 
044 |a SK 
245 1 0 |a Analýza činnosti v práci ředitele(ky) školy v současné transformaci české vzdělávací soustavy  |c Miroslav Janda, Jan Šťáva 
520 |a Popis a vyhodnotenie základných aktivít riaditeľov školy. Využitie skúseností z riadenia rôznych typov školských zariadení. Transformačný proces školských právnických subjektov. Fyzická prítomnosť na pracovisku. Aktívne vyťaženie v pracovnej dobe, potrebná flexibilnosť. Plánovaná a operatívna aktivita riaditeľa. Stresové zdroje. 
610 2 0 |a riaditelia 
610 2 0 |a školy 
610 2 0 |a Česko 
610 2 0 |a pracovisko 
610 2 0 |a doba pracovná 
100 1 |a Janda, Miroslav 
700 1 |a Šťáva, Jan